Role of NTFPs in economic empowerment of rural women (Record no. 66103)

000 -LEADER
fixed length control field 00384pab a2200157 454500
008 - FIXED-LENGTH DATA ELEMENTS--GENERAL INFORMATION
fixed length control field 180718b2005 xxu||||| |||| 00| 0 eng d
100 ## - MAIN ENTRY--PERSONAL NAME
Personal name Paloti, Lakshmi
245 ## - TITLE STATEMENT
Title Role of NTFPs in economic empowerment of rural women
260 ## - PUBLICATION, DISTRIBUTION, ETC.
Date of publication, distribution, etc. 2005
300 ## - PHYSICAL DESCRIPTION
Extent p.925-29.
362 ## - DATES OF PUBLICATION AND/OR SEQUENTIAL DESIGNATION
Dates of publication and/or sequential designation Jul
650 ## - SUBJECT ADDED ENTRY--TOPICAL TERM
Topical term or geographic name entry element Women
700 ## - ADDED ENTRY--PERSONAL NAME
Personal name Hiremath, Uma S.
773 ## - HOST ITEM ENTRY
Main entry heading Indian Forester
909 ## -
-- 66103
Holdings
Withdrawn status Lost status Damaged status Not for loan Permanent Location Current Location Date acquired Serial Enumeration / chronology Barcode Date last seen Price effective from Koha item type
        Indian Institute of Public Administration Indian Institute of Public Administration 2018-07-19 Volume no: 131, Issue no: 7 AR66555 2018-07-19 2018-07-19 Articles

Powered by Koha